THE BETTER MAN (Record no. 1174670)

MARC details
000 -LEADER
fixed length control field 00247nam a2200109Ia 4500
008 - FIXED-LENGTH DATA ELEMENTS--GENERAL INFORMATION
fixed length control field 230724s1997 xx und d
041 ## - LANGUAGE CODE
Language code of text/sound track or separate title eng
100 ## - MAIN ENTRY--PERSONAL NAME
Personal name NAIR.A.
245 ## - TITLE STATEMENT
Title THE BETTER MAN
260 ## - PUBLICATION, DISTRIBUTION, ETC.
Name of publisher, distributor, etc. PENGUIN BOOKS LTD
Date of publication, distribution, etc. 1997
300 ## - PHYSICAL DESCRIPTION
Extent 361
Holdings
Withdrawn status Lost status Damaged status Not for loan Home library Current library Date acquired Source of acquisition Cost, normal purchase price Total Checkouts Barcode Date last seen Price effective from Koha item type
        College of Architecture, Pune College of Architecture, Pune 23/07/2024 BHARATI MADYAWARTI SAHAKARI GRAHAK BHANDAR LTD. 250.00   ARP-BARCH-3526 23/07/2024 23/07/2024 Book